La evaluación de la educación infantil /

Detalles Bibliográficos
Autor principal: García, Mercedes
Formato: Libro
Lenguaje:inglés

MARC

LEADER 00000cam a2200000 a 4500
001 040113
003 UAHC_CL
005 20170803124424.0
008 060714b xx j 000 1 eng
040 |a UAHC_CL  |c UAHC_CL  |d UAHC_CL 
100 1 |a García, Mercedes 
245 1 3 |a La evaluación de la educación infantil /  |c Mercedes García. 
500 |a Revista Complutense de Educación. --Vol. 6, Nº1 (1995) pp. 50-72. 
900 |a REV. COMPLUT. EDUC.-01/95 
942 |c BK 
999 |c 40113  |d 40113